|
|
|
|
| LEADER |
01540nam a2200421Ia 4500 |
| 001 |
EBC3332124 |
| 003 |
MiAaPQ |
| 005 |
20200520144314.0 |
| 006 |
m o d | |
| 007 |
cr cn||||||||| |
| 008 |
100726s2009 quca sb 001 0aeng d |
| 010 |
|
|
|z 2010294680
|
| 020 |
|
|
|z 0773535756
|
| 020 |
|
|
|z 9780773535756
|
| 020 |
|
|
|z 9780773576308
|
| 035 |
|
|
|a (MiAaPQ)EBC3332124
|
| 035 |
|
|
|a (Au-PeEL)EBL3332124
|
| 035 |
|
|
|a (CaPaEBR)ebr10559075
|
| 035 |
|
|
|a (CaONFJC)MIL286675
|
| 035 |
|
|
|a (OCoLC)923235117
|
| 040 |
|
|
|a MiAaPQ
|c MiAaPQ
|d MiAaPQ
|
| 050 |
|
4 |
|a F1043.S28
|b A3 2009
|
| 082 |
0 |
4 |
|a 971.5/104092
|2 22
|
| 100 |
1 |
|
|a Savoie, Donald J.
|
| 245 |
1 |
0 |
|a I'm from Bouctouche, me
|h [electronic resource] :
|b roots matter /
|c Donald J. Savoie.
|
| 260 |
|
|
|a Montreal ;
|a Ithaca :
|b McGill-Queen's University Press,
|c c2009.
|
| 300 |
|
|
|a x, 281 p. :
|b ill.
|
| 490 |
1 |
|
|a Footprints series ;
|v 11
|
| 504 |
|
|
|a Includes bibliographical references and index.
|
| 533 |
|
|
|a Electronic reproduction. Ann Arbor, MI : ProQuest, 2015. Available via World Wide Web. Access may be limited to ProQuest affiliated libraries.
|
| 600 |
1 |
0 |
|a Savoie, Donald J.
|
| 650 |
|
0 |
|a Acadians
|z New Brunswick
|v Biography.
|
| 650 |
|
0 |
|a College teachers
|z New Brunswick
|v Biography.
|
| 651 |
|
0 |
|a Canada
|x Politics and government.
|
| 655 |
|
4 |
|a Electronic books.
|
| 710 |
2 |
|
|a ProQuest (Firm)
|
| 830 |
|
0 |
|a Footprints (Cheltenham, England) ;
|v 11.
|
| 856 |
4 |
0 |
|u https://ebookcentral.proquest.com/lib/matrademy/detail.action?docID=3332124
|z Click to View
|